|
|
|
|
| LEADER |
00000nas a2200000 a 4500 |
| 001 |
ssj0000542 |
| 003 |
WaSeSS |
| 005 |
20200512172242.0 |
| 006 |
m d |
| 007 |
cr n |
| 008 |
990505c18949999dcumn pss o 0 a0eng c |
| 010 |
|
|
|a sn 99023390
|
| 016 |
7 |
|
|a 1476746-6
|2 DE-600
|
| 022 |
|
|
|a 1930-0972
|l 0002-9890
|y 0002-9890
|
| 030 |
|
|
|a AMMYAE
|
| 035 |
|
|
|a (WaSeSS)ssj0000542
|
| 040 |
|
|
|a EYM
|b eng
|c EYM
|d OCLCQ
|d NSD
|d CIT
|d OCLCQ
|d OCLCE
|d OCLCQ
|d OCLCA
|d OCLCO
|d CUD
|d OCLCF
|d EUW
|d OCLCQ
|d DEBBG
|d VT2
|d OCLCQ
|d GILDS
|d U3W
|d BRL
|d UOK
|d WYU
|d NJT
|d WaSeSS
|
| 042 |
|
|
|a pcc
|a nsdp
|a dlr
|
| 050 |
1 |
4 |
|a QA1
|
| 082 |
1 |
0 |
|a 510.5
|2 14
|
| 130 |
0 |
|
|a American mathematical monthly (Online)
|
| 210 |
0 |
|
|a Am. math. mon.
|b (Online)
|
| 222 |
|
4 |
|a The American mathematical monthly
|b (Online)
|
| 245 |
1 |
4 |
|a The American mathematical monthly
|h [electronic resource].
|
| 260 |
|
|
|a Kidder, Mo. :
|b Chubbock Bros.,
|c 1894-
|
| 310 |
|
|
|a Monthly (except bimonthly June-July and Aug.-Sept.),
|b 1913-
|
| 321 |
|
|
|a Monthly,
|b 1894-1912
|
| 362 |
0 |
|
|a Vol. 1, no. 1 (Jan. 1894)-
|
| 500 |
|
|
|a Published by: Chubbock Bros., 1894-1895; American Mathematical Monthly, 1896-1915; Mathematical Association of America, 1916-
|
| 500 |
|
|
|a Place of publication varies.
|
| 500 |
|
|
|a Title from PDF title page (JSTOR website, viewed May 5, 1999).
|
| 506 |
|
|
|a License restrictions may limit access.
|
| 515 |
|
|
|a Some issues combined.
|
| 525 |
|
|
|a Supplements accompany some issues.
|
| 538 |
|
|
|a Master and use copy. Digital master created according to Benchmark for Faithful Digital Reproductions of Monographs and Serials, Version 1. Digital Library Federation, December 2002.
|u http://purl.oclc.org/DLF/benchrepro0212
|5 MiAaHDL
|
| 538 |
|
|
|a Mode of access: World Wide Web.
|
| 583 |
1 |
|
|a digitized
|c 2010
|h HathiTrust Digital Library
|l committed to preserve
|2 pda
|5 MiAaHDL
|
| 588 |
|
|
|a Latest issue consulted: Vol. 114, no. 7 (Aug./Sept. 2007) (Proquest website, viewed Sept. 10, 2007).
|
| 650 |
|
0 |
|a Mathematics
|v Periodicals.
|
| 650 |
|
0 |
|a Mathematicians
|v Periodicals.
|
| 650 |
|
6 |
|a Mathématiques
|v Périodiques.
|
| 650 |
|
6 |
|a Mathématiques
|v Bibliographie
|v Périodiques.
|
| 650 |
|
6 |
|a Mathématiques
|x Étude et enseignement (Supérieur)
|v Périodiques.
|
| 650 |
|
7 |
|a Mathematicians.
|2 fast
|0 (OCoLC)fst01012154
|
| 650 |
|
7 |
|a Mathematics.
|2 fast
|0 (OCoLC)fst01012163
|
| 650 |
1 |
7 |
|a Wiskunde.
|2 gtt
|
| 655 |
|
0 |
|a Electronic journals.
|
| 710 |
2 |
|
|a Mathematical Association of America.
|
| 776 |
0 |
8 |
|i Print version:
|t American mathematical monthly
|x 0002-9890
|w (DLC) 39016866
|w (OCoLC)1480361
|
| 776 |
0 |
8 |
|i Microfilm version:
|t American mathematical monthly
|x 0002-9890
|w (DLC)sn 93033118
|w (OCoLC)5638756
|
| 776 |
0 |
8 |
|i Microfiche version:
|t American mathematical monthly
|x 0002-9890
|w (OCoLC)12833007
|
| 856 |
4 |
0 |
|z Full text available from Research Library: 02/01/1997 to 08/31/2007
|u https://search.proquest.com/publication/47349
|